01683nam a2200457 i 450000100060000000300090000600500170001500600190003200700150005100800410006601500170010702000150012403500230013903500360016203500140019803500210021203500230023303500440025604000280030004600090032808000140033708000120035108000080036308000090037124501360038025600190051626000700053530000480060538000120065350000710066550000220073653800880075865000370084665500330088365800280091670000380094470000460098270000400102871000590106885600980112724082KOSZ 00520221118134323.0m q d | co cgunnnuunuu070705s2006 pl q |000 0 eng  aBDE 2007/190 a8370859224 a991034836549705066 a(PL-WaBN)b19373600-48omnis_nlop ab19373600 a(OCoLC)169966161 a(PL)b0000001937360 a(EXLNZ-48OMNIS_NETWORK)9910354840905606 aWA NcWA NdKOSZ 005/HR k2006 a66.01/.09 a544.723 a532 a(06)04aThe impact of membrane technology to human life /c[ed. by Marek Bryjak, Katarzyna Majewska-Nowak, Małgorzata Kabsch-Korbutowicz]. aDane tekstowe. aWrocław :bOficyna Wydawnicza Politechniki Wrocławskiej,c2006. a1 dysk optyczny (CD-ROM) :bkolor ;c12 cm. aE-booki aDostępny offline w Repozytorium Dokumentów Elektronicznych BN. aTyt. z gł. menu. aWymagania systemowe: IBM PC; Windows 98 lub nowsze; Acrobat Reader; czytnik CD-ROM. 7aBłony półprzepuszczalne2DBN 7aDokumenty elektroniczne2DBN aInżynieria i technika1 aBryjak, Marekd(1953- )eRedakcja1 aKabsch-Korbutowicz, MałgorzataeRedakcja1 aMajewska-Nowak, KatarzynaeRedakcja2 aOficyna Wydawnicza Politechniki WrocławskiejeWydawca uhttp://koha.tu.koszalin.pl/cgi-bin/koha/opac-detail.pl?biblionumber=24082yKatalog online BPK